00891cam a2200205 i 4500001000700000003000900007005001700016008004100033010001700074040002800091050001600119082002000135100003800155245032500193250001200518260005800530300002000588504004100608650003600649846124BDDh-ASL20231015025937.0800605s1976 my b 000 0 eng  a 77941545  aDLCcDLCdDLCdBDDh-ASL00aBP165b.A8600a297.2219bALI 1 aAl-Attas, Muhammad Naguib,cSyed.10aIslām, the concept of religion and the foundation of ethics and morality :ba lecture delivered on Monday the 5th of April 1976 to the International Islamic Conference held under the auspices of the Islamic Council of Europe in the hall of the Royal Commonwealth Society, London /cby Syed Muhammad al-Naguib al-Attas. a1st ed. aKuala Lumpur :bAngkatan Belia Islam Malaysia,c1976. a47 p. :c22 cm. aIncludes bibliographical references. 0aIslamxEssence, genius, nature.